The crow and the fox

Bibliographic Details
Format: Book
Published: Penang : Rhythm publishing co.sdn.bhd. , Unknow
Series:Popular stories series (set 1)

MARC

LEADER 00000cam a2200000 7i4500
001 0000071827
005 20170329.0
008 170329
020 |a 9830638804 
090 0 0 |a JF   |b ENG 
245 0 0 |a The crow and the fox 
260 |a Penang :   |b Rhythm publishing co.sdn.bhd. ,   |c Unknow 
490 1 |a Popular stories series (set 1) 
999 |a 0000947439   |b Book   |c Children Collection   |e Cawangan Bukit Gambir 
999 |a 0001048720   |b Book   |c Children Collection   |e Cawangan Pontian